Songs in Movies - Statistics

General Stats
  • This quiz has been taken 71 times
  • The average score is 11 of 16
Answer Stats
Picture Hint Answer % Correct
My Heart Will Go On Titanic
100%
All Star Shrek
91%
Danger Zone Top Gun
91%
The Power of Love Back to the Future
89%
Eye of the Tiger Rocky III
88%
Bohemian Rhapsody Wayne's World
75%
Stayin' Alive Saturday Night Fever
74%
Don't You (Forget About Me) The Breakfast Club
74%
Day-O Beetlejuice
72%
Come and Get Your Love Guardians of the Galaxy
63%
I Will Always Love You The Bodyguard
61%
Mrs. Robinson The Graduate
61%
I Can't Break Away Bill & Ted's Excellent Adventure
51%
Oldtime Rock and Roll Risky Business
46%
Wild Thing Major League
28%
In Your Eyes Say Anything
26%
No matching quizzes found
Score Distribution
Percent of People with Each Score
Percentile by Number Answered
Your Score History
You have not taken this quiz